000 00620cam a22002291 4500
001 sa 63003334
003 DLC
005 20260227111941.0
008 751106s1962 xx 000 0 eng
010 _asa 63003334
035 _a(OCoLC)1813699
040 _aDLC
_cViU
_dDLC
042 _apremarc
050 0 0 _aTX557
_b.U55
100 1 _aUsmani, Shaukat.
245 1 0 _aNutritive values of fruits, vegetables, & nuts and food cures.
250 _a[1st ed.]
260 _aBombay, Sole distributors:
_bCurrent Book House
_c[1962]
300 _a192 p.
_c19 cm.
650 0 _aNutrition.
650 0 _aDiet in disease.
999 _c55029
_d55029